000 00435nam a22001337a 4500
005 20241015102548.0
008 241015b |||||||| |||| 00| 0 eng d
100 _aDatu, Dino.
_eauthor.
_962953
245 _aGetting cheesy /
_cDino Datu.
260 _aPhilippines;
_bPhilippine Graphic Publishing Inc.,
_cJuly 2019.
300 _aVolume 20, pages 10-11,
_billustration.
700 _aDatu, Dino.
_eauthor.
_962954
942 _2ddc
_cPER
999 _c22563
_d22563